| 000 | 00428nam a2200157Ia 4500 | ||
|---|---|---|---|
| 008 | 230917s9999||||xx |||||||||||||| ||und|| | ||
| 020 | _cRS175 | ||
| 040 |
_e22973 _aMAIN |
||
| 041 | _aEnglish | ||
| 082 | _a301.426 K527S | ||
| 100 | _aKhan, M E | ||
| 245 | 0 | _aSpacing as an alternative strategy: India's family welfare programme | |
| 260 |
_aNew Delhi _bB R Publishing Corporation _c1996 |
||
| 300 | _ax, 241 p. | ||
| 942 | _cBK | ||
| 999 |
_c95033 _d95033 |
||